A PRACTICAL MANUAL OF INDUSTRIAL PHARMACY-1 (Record no. 33381)

MARC details
000 -LEADER
fixed length control field 00414nam a22001697a 4500
003 - CONTROL NUMBER IDENTIFIER
control field SGT
020 ## - INTERNATIONAL STANDARD BOOK NUMBER
International Standard Book Number 978196276379
082 ## - DEWEY DECIMAL CLASSIFICATION NUMBER
Classification number 615
Item number P23P
100 ## - MAIN ENTRY--PERSONAL NAME
Personal name PATIL, RESHMA R
245 ## - TITLE STATEMENT
Title A PRACTICAL MANUAL OF INDUSTRIAL PHARMACY-1
250 ## - EDITION STATEMENT
Edition statement 1ST
260 ## - PUBLICATION, DISTRIBUTION, ETC. (IMPRINT)
Place of publication, distribution, etc INDIA
Name of publisher, distributor, etc INNOVATIVE PUB
Year of Publication 2023
300 ## - PAGE DESCRIPTION
No. of Pages 124
650 ## - SUBJECT ADDED ENTRY--TOPICAL TERM
Topical term or geographic name as entry element PHARMACOLOGY
653 ## - KEYWORDS--INDEX TERM
Keyword term PRACTICAL MANUAL OF INDUSTRIAL PHARMACY-
942 ## - ADDED ENTRY ELEMENTS (KOHA)
Source of classification or shelving scheme Dewey Decimal Classification
Koha item type Books
Holdings
Withdrawn status Lost status Source of classification or shelving scheme Damaged status Not for loan Collection code Home library Current library Shelving location Date acquired Vendor Name Cost, normal purchase price SGTU Bill Number Full call number Accession No. (Barcode) Date last seen Bill Date Koha item type Total Checkouts
    Dewey Decimal Classification   Not For Loan MEDICAL SGT Medical Library SGT Medical Library Text Book 29/11/2025 ABC DELHI 375.00 SGTU 22053 615 P23P FM15742 20/01/2026 29/11/2025 Books  
    Dewey Decimal Classification     MEDICAL SGT Medical Library SGT Medical Library Text Book 29/11/2025 ABC DELHI 375.00 SGTU 22053 615 P23P FM15743 20/01/2026 29/11/2025 Books